000 00582cam a2200205 4500500
005 20260329004815.0
041 _afre
042 _adc
100 1 0 _aPortevin, Catherine
_eauthor
245 0 0 _aÉpicure aux enfers
260 _c2021.
500 _a20
690 _achristianisme
690 _aenfer
690 _aHédonisme
690 _aMoyen Âge
690 _aPlaisir
786 0 _nPhilosophie magazine | 148 | 4 | 2021-04-01 | p. 81-82 | 1951-1787
856 4 1 _uhttps://shs.cairn.info/magazine-philosophie-magazine-2021-4-page-81?lang=fr&redirect-ssocas=7080
999 _c1837473
_d1837473